Library Logo

انتخاب سخن : (Record no. 247499)

000 -LEADER
fixed length control field 00585nam a22001817a 4500
003 - CONTROL NUMBER IDENTIFIER
control field BD-DhUL
005 - DATE AND TIME OF LATEST TRANSACTION
control field 20210902100246.0
008 - FIXED-LENGTH DATA ELEMENTS--GENERAL INFORMATION
fixed length control field 181017s1926 ii ||||| |||| 00| 0 urd d
040 ## - CATALOGING SOURCE
Original cataloging agency BD-DhUL
Transcribing agency BD-DhUL
082 ## - DEWEY DECIMAL CLASSIFICATION NUMBER
Classification number 891.431
Item number RAI
100 30 - MAIN ENTRY--PERSONAL NAME
Personal name رنگین، سعادت یار خان۔
245 10 - TITLE STATEMENT
Title انتخاب سخن :
Remainder of title جلد ۱ /
Statement of responsibility, etc. سعادت یار خان رنگین۔
246 ## - VARYING FORM OF TITLE
Title proper/short title Intekhab-e sakhan : vol. 1
260 ## - PUBLICATION, DISTRIBUTION, ETC. (IMPRINT)
Place of publication, distribution, etc. کانپور :
Name of publisher, distributor, etc. احمد المطابع واقع،
Date of publication, distribution, etc. ۱۹۲۶۔
300 ## - PHYSICAL DESCRIPTION
Extent ص۔ ۳۱ ؛
Dimensions ۲۳ سم۔
650 #4 - SUBJECT ADDED ENTRY--TOPICAL TERM
Topical term or geographic name as entry element Urdu poetry.
942 ## - ADDED ENTRY ELEMENTS (KOHA)
Source of classification or shelving scheme
Koha item type Books
Holdings
Price effective from Date last seen Permanent Location Not for loan Date acquired Source of classification or shelving scheme Koha item type Collection code Barcode Shelving location Lost status Damaged status Withdrawn status Current Location Full call number
2019-03-282019-03-28Dhaka University Library 1930-04-07 BooksNon Fiction27788General Stacks Damaged Dhaka University Library891.431 RAI
Last Updated on September 15, 2019
© Dhaka University Library. All Rights Reserved|Staff Login